Феррозондовый магнитометр для измерения магнитной индукции до 1 нТл; Известия Томского политехнического университета [Известия ТПУ]; Т. 320, № 4 : Энергетика
| Parent link: | Известия Томского политехнического университета [Известия ТПУ]/ Томский политехнический университет (ТПУ).— , 2000- Т. 320, № 4 : Энергетика.— 2012.— [С. 89-92] |
|---|---|
| Andre forfattere: | , , , |
| Summary: | Заглавие с титульного листа Электронная версия печатной публикации Представлен опыт разработки однокомпонентного магнитометра на базе миниатюрного планарного феррозондового датчика для измерения магнитной индукции в диапазоне от 10 мкТл до 1 нТл и обеспечения работы сверхпроводящего квантового компьютера. Описаны способ изготовления феррозондового датчика и принцип работы схемы кондиционирования сигналов с датчика. |
| Sprog: | russisk |
| Udgivet: |
2012
|
| Serier: | Энергетика |
| Fag: | |
| Online adgang: | http://earchive.tpu.ru/bitstream/11683/4207/1/bulletin_tpu-2012-320-4-18.pdf |
| Format: | Electronisk Book Chapter |
| KOHA link: | https://koha.lib.tpu.ru/cgi-bin/koha/opac-detail.pl?biblionumber=218592 |
MARC
| LEADER | 00000nla2a2200000 4500 | ||
|---|---|---|---|
| 001 | 218592 | ||
| 005 | 20240122134817.0 | ||
| 035 | |a (RuTPU)RU\TPU\book\238622 | ||
| 035 | |a RU\TPU\book\238617 | ||
| 090 | |a 218592 | ||
| 100 | |a 20120622d2012 k y0rusy50 ca | ||
| 101 | 0 | |a rus | |
| 102 | |a RU | ||
| 135 | |a drnn ---uucaa | ||
| 181 | 0 | |a i | |
| 182 | 0 | |a b | |
| 200 | 1 | |a Феррозондовый магнитометр для измерения магнитной индукции до 1 нТл |f П. Ф. Баранов [и др.] | |
| 203 | |a Текст |c электронный | ||
| 215 | |a 1 файл (1.2 Мб) | ||
| 225 | 1 | |a Энергетика | |
| 300 | |a Заглавие с титульного листа | ||
| 300 | |a Электронная версия печатной публикации | ||
| 320 | |a [Библиогр.: с. 92 (7 назв.)] | ||
| 330 | |a Представлен опыт разработки однокомпонентного магнитометра на базе миниатюрного планарного феррозондового датчика для измерения магнитной индукции в диапазоне от 10 мкТл до 1 нТл и обеспечения работы сверхпроводящего квантового компьютера. Описаны способ изготовления феррозондового датчика и принцип работы схемы кондиционирования сигналов с датчика. | ||
| 337 | |a Adobe Reader | ||
| 461 | 1 | |0 (RuTPU)RU\TPU\book\176237 |t Известия Томского политехнического университета [Известия ТПУ] |f Томский политехнический университет (ТПУ) |d 2000- | |
| 463 | 1 | |0 (RuTPU)RU\TPU\book\237740 |x 1684-8519 |t Т. 320, № 4 : Энергетика |v [С. 89-92] |d 2012 |p 196 с. | |
| 610 | 1 | |a квантовые компьютеры | |
| 610 | 1 | |a магнитометры | |
| 610 | 1 | |a феррозондовые магнитометры | |
| 610 | 1 | |a планарные феррозондовые датчики | |
| 610 | 1 | |a магнитная индукция | |
| 610 | 1 | |a Finemet | |
| 610 | 1 | |a труды учёных ТПУ | |
| 610 | 1 | |a электронный ресурс | |
| 701 | 1 | |a Баранов |b П. Ф. |c специалист в области контрольно-измерительной техники |c доцент Томского политехнического университета, программист, кандидат технических наук |f 1987- |g Павел Федорович |3 (RuTPU)RU\TPU\pers\30404 |9 14747 | |
| 701 | 1 | |a Муравьев |b С. В. |c специалист в области контрольно-измерительной техники |c профессор Томского политехнического университета, доктор технических наук |f 1954- |g Сергей Васильевич |3 (RuTPU)RU\TPU\pers\27989 |9 12979 | |
| 701 | 1 | |a Огай |b В. Е. |c специалист в области контрольно-измерительной техники |c ассистент кафедры Томского политехнического университета, аспирант |f 1986- |g Виталия Евгеньевна |3 (RuTPU)RU\TPU\pers\29593 | |
| 701 | 1 | |a Учайкин |b С. В. | |
| 801 | 1 | |a RU |b 63413507 |c 20090623 |g PSBO | |
| 801 | 2 | |a RU |b 63413507 |c 20211230 |g PSBO | |
| 856 | 4 | |u http://earchive.tpu.ru/bitstream/11683/4207/1/bulletin_tpu-2012-320-4-18.pdf | |
| 942 | |c CF | ||